Obálka Náhled e-knihy:
PDF
Pro půjčování e-knih musíte být přihlášeni.
Jak si půjčit online?

Zvierací záchranári - Premrznutá volavka /

Vonku mrzne, len tak treští, a súrodenci Tadeáš a Agáta sa v sprievode otecka vyberú korčuľovať na rybník. Keď si Tadeáš na chvíľku sadne na obrátený čln, aby počkal na ostatných, začuje spod neho nezvyčajný škrabot. Spolu s oteckom čln obrátia a zistia, že je pod ním učupená premrznutá volavka. Je...

Celý popis

Uloženo v:
Hlavní autor: Francová, Veronika (Autor)
Médium: E-kniha
Jazyk:Czech
Vydáno: Praha : Albatros Media Slovakia s.r.o., 2025
Tagy:
Žádné tagy
LEADER 01559nam a22002297i 4500
001 302722
007 ta
008 260514s2025 xr ||||| |||| 00| 0 cze d
020 |a 9788056648063 
044 |a xr 
100 1 |a  Francová, Veronika  |4 aut 
245 1 0 |a Zvierací záchranári - Premrznutá volavka /  |c  Francová, Veronika 
240 1 0 |a Nové příběhy se šťastným koncem – Promrzlá volavka  
264 1 |a Praha :  |b Albatros Media Slovakia s.r.o.,  |c 2025 
300 |a 1 online zdroj (128 stran) 
336 |a text  |b txt  |2 rdacontent 
337 |a bez média  |b n  |2 rdamedia 
338 |a online zdroj  |b cr  |2 rdacarrier 
520 2 |a Vonku mrzne, len tak treští, a súrodenci Tadeáš a Agáta sa v sprievode otecka vyberú korčuľovať na rybník. Keď si Tadeáš na chvíľku sadne na obrátený čln, aby počkal na ostatných, začuje spod neho nezvyčajný škrabot. Spolu s oteckom čln obrátia a zistia, že je pod ním učupená premrznutá volavka. Je taká slabá a vyhladovaná, že sa ani nebráni, keď ju začnú baliť do deky, aby ju odviezli na záchrannú stanicu. Podarí sa im tam doraziť včas? Dokážu ošetrovatelia zachrániť premrznutého vtáka? 
910 |a RBIT002 
998 |d 426979  |a https://core.palmknihy.cz/api/books/426979/cover?tesgia  |b https://core.palmknihy.cz/api/books/426979/cover/400?tesgia  |c https://core.palmknihy.cz/api/books/426979/cover/50?tesgia  |e 2033-12-31  |g 128  |i 9788056648063  |k https://core.palmknihy.cz/api/books/426979/preview.pdf  |l   |q 49  |r 1  |s https://www.palmknihy.cz/kniha/426979  |t ebook  |y 2025  |z 1 
999 |d 302720